Urban and Regional Agriculture: Building Resilient Food Systems /
Gespeichert in:
| Weitere Verfasser: | |
|---|---|
| Format: | Buch |
| Sprache: | Englisch |
| Veröffentlicht: |
London:
Academic Press,
2022
|
| Ausgabe: | 1. vyd. |
| Tags: |
Keine Tags, Fügen Sie das erste Tag hinzu!
|
MARC
| LEADER | 00000nam a22000003a 4500 | ||
|---|---|---|---|
| 001 | 0116964 | ||
| 003 | SK-STU | ||
| 005 | 20250904095901.5 | ||
| 007 | ta | ||
| 008 | 250904s ----xo-----e------000-0-----d | ||
| 020 | |a 978-0-12-820286-9 | ||
| 040 | |a STU |b slo | ||
| 041 | 0 | |a eng |h eng | |
| 044 | |a xxk | ||
| 100 | 1 | |a Droege, Peter |4 edt | |
| 245 | 1 | 0 | |a Urban and Regional Agriculture: |b Building Resilient Food Systems / |c ed. Peter Droege |
| 250 | |a 1. vyd. | ||
| 260 | |a London: |b Academic Press, |c 2022 | ||
| 300 | |a 654 s. | ||
| 996 | |b 284V038293 |c V* 53746/O-24816 |l VVT |s P |a 0 |w 0116964_0001 | ||